| Tag |
First Indicator |
Second Indicator |
Subfields |
| LEADER |
00000cam a2200000 i 4500 |
| 001 |
in00004487362 |
| 005 |
20191202143843.0 |
| 008 |
780501s1978 gw a b 001 0 eng |
| 010 |
|
|
|a 78009146
|
| 020 |
|
|
|a 0387088261
|
| 035 |
|
|
|a (OCoLC)03913324
|
| 035 |
|
|
|9 AAG1853MS
|
| 035 |
|
|
|z (UtOrBLW)19543
|
| 035 |
|
|
|a 31928
|
| 040 |
|
|
|a DLC
|c DLC
|d UtOrBLW
|
| 049 |
|
|
|a TMVM
|c 1
|
| 050 |
0 |
0 |
|a QL801
|b .E67 vol. 54, fasc. 5
|a QP450
|
| 060 |
|
4 |
|a WR 101
|b C552c 1978
|
| 100 |
1 |
|
|a Chuchkov, Kh.,
|d 1938-
|
| 245 |
1 |
0 |
|a Cutaneous receptors /
|c Ch. Chouchkov.
|
| 264 |
|
1 |
|a Berlin ;
|a New York :
|b Springer-Verlag,
|c 1978.
|
| 300 |
|
|
|a 62 pages :
|b illustrations ;
|c 24 cm.
|
| 336 |
|
|
|a text
|2 rdacontent
|b txt
|
| 337 |
|
|
|a unmediated
|2 rdamedia
|
| 338 |
|
|
|a volume
|2 rdacarrier
|b nc
|
| 490 |
1 |
|
|a Advances in anatomy, embryology, and cell biology ;
|v v. 54, fasc. 5
|
| 504 |
|
|
|a Includes bibliographical references (pages 54-61) and index.
|
| 505 |
0 |
|
|a Historical survey -- Ultrastructure and morphological classification -- Cytochemistry and radioautography of receptors in normal and experimental conditions -- Ultrastructure of denervated receptors -- Ultrastructure of reinnervated receptors
|
| 650 |
|
2 |
|a Skin
|x cytology.
|
| 650 |
|
2 |
|a Skin Physiological Phenomena.
|
| 650 |
|
2 |
|a Sensory Receptor Cells
|x ultrastructure.
|
| 650 |
|
2 |
|a Sensory Receptor Cells
|x physiology.
|
| 830 |
|
0 |
|a Advances in anatomy, embryology, and cell biology ;
|v v. 54, fasc. 5.
|
| 948 |
|
|
|a CAT SEP
|
| 999 |
|
|
|a MARS
|
| 999 |
f |
f |
|s a35c86ec-f2e9-3fa0-b30b-3960b1e20217
|i e79baaa1-7d79-3a12-aa0e-ebef8ebc3643
|t 0
|
| 952 |
f |
f |
|p ric
|a Texas A&M University
|b Rellis Campus
|c Joint Library Facility
|d Remote Storage
|t 0
|e WR 101 C552c 1978
|h National Library of Medicine classification
|i unmediated -- volume
|m 3238900310893
|
| 998 |
f |
f |
|a WR 101 C552c 1978
|t 0
|l Remote Storage
|